000 00638nam a2200229 a 4500
999 _c1762
_d1762
001 1762
003 BD-JhCC
005 20210929134019.0
008 171024s2005 -cn |||| ||a| 001 0 eng d
020 _a0002008033
035 _a(BD-JhCC)1762
040 _aBD-JhCC
_dBD-JhCC
041 _aeng
082 _a332.02401
_bEKE
100 _aEker, T. Harv
245 _aScerets of the Millionaire Mind :
_bMastering the Inner Game of Wealth /
_cT. Harv Eker
260 _aCanada :
_bHarper Collins Publishers Ltd,
_c2005.
300 _a212 p. :
_c21 cm.
650 _aMoney--Psychological aspects
942 _2ddc
_cBK
_01